| 000 | 00389nam a2200157Ia 4500 | ||
|---|---|---|---|
| 008 | 160316s1995 xxu||||| |||| 00| 0 eng d | ||
| 082 |
_a346.066000 _bSAL |
||
| 100 | _aSalinger Freddy | ||
| 245 | _aFactoring law and practice | ||
| 250 | _a2nd | ||
| 260 |
_aLondon _bSweet & Maxwell _c1995 |
||
| 300 |
_a423p _b _c |
||
| 365 | _b | ||
| 650 | _a1.Company Law - Corporations | ||
| 700 |
_a _a |
||
| 999 |
_c16795 _d16795 |
||